[Event "Offene Hessische Senioren Einzelmeisters"]
[Site "Bad Sooden- Allendorf"]
[Date "2011.05.02"]
[Round "3.57"]
[White "Huhn, Ulrich"]
[Black "Burkardt, Robert"]
[Result "0-1"]
[WhiteElo "2030"]
[BlackElo "1834"]
[PlyCount "170"]
[EventDate "2011.??.??"]

1. d4 d5 2. Nc3 Nf6 3. Bg5 e6 4. e4 dxe4 5. Nxe4 Be7 6. Bxf6 Bxf6 7. Nxf6+ Qxf6
8. Bd3 Nc6 9. Nf3 Bd7 10. c3 h6 11. Qe2 Qe7 12. Ne5 O-O-O 13. b4 Nxe5 14. Qxe5
f6 15. Qa5 Kb8 16. O-O Qd6 17. Be4 Qb6 18. Qxb6 axb6 19. Rfe1 Bb5 20. Bc2 Bc4
21. Bb3 Bxb3 22. axb3 Rhe8 23. Re2 Re7 24. Rae1 Rde8 25. f4 c6 26. Kf2 Kc7 27.
Kf3 Kd6 28. Ra1 b5 29. g4 Kd5 30. h4 Kd6 31. Ra7 Kc7 32. Ra5 Kd6 33. c4 bxc4
34. bxc4 Kd7 35. Ra7 Kd6 36. Rb2 Rb8 37. Rba2 Ree8 38. R2a5 Rec8 39. Rh5 Ke7
40. g5 hxg5 41. hxg5 f5 42. Rh7 Rg8 43. b5 cxb5 44. cxb5 Kd6 45. Ke3 Kd5 46.
Kd3 Kd6 47. Kc4 Rgc8+ 48. Kb4 Rg8 49. Ka5 Kc7 50. Rh1 Rgd8 51. Rc1+ Kd6 52. Kb6
Rd7 53. Rc5 Re7 54. Re5 Rf7 55. Rc5 Rd7 56. Rc1 Re7 57. Rca1 Kd5 58. Ra8 Rxa8
59. Rxa8 Kxd4 60. Rc8 Ke4 61. Rc7 Rxc7 62. Kxc7 Kxf4 63. Kxb7 Kxg5 64. Kc6 f4
65. b6 f3 66. b7 f2 67. b8=Q f1=Q 68. Qe5+ Kg6 69. Qg3+ Kf6 70. Qc3+ e5 71. Kd5
Qd1+ 72. Kc6 Kf5 73. Qh3+ Qg4 74. Qf1+ Qf4 75. Qh3+ Kf6 76. Kb5 g5 77. Qh8+ Kf5
78. Qh7+ Kg4 79. Qd7+ Kg3 80. Qd3+ Qf3 81. Qd8 Qb7+ 82. Ka4 g4 83. Ka3 Qf3+ 84.
Ka2 Kg2 85. Ka1 Qa3+ 0-1

[Event "Offene Hessische Senioren Einzelmeisters"]
[Site "Bad Sooden- Allendorf"]
[Date "2011.05.02"]
[Round "3.58"]
[White "Neumann, Horst"]
[Black "Schiller, Hans"]
[Result "1-0"]
[WhiteElo "1958"]
[BlackElo "1856"]
[PlyCount "41"]
[EventDate "2011.??.??"]

1. e4 c5 2. c3 e6 3. d4 d5 4. exd5 Qxd5 5. Nf3 cxd4 6. Qxd4 Nf6 7. Bg5 Bc5 8.
Qxd5 Nxd5 9. Nbd2 h6 10. Bh4 Nc6 11. Ne4 Be7 12. Bxe7 Kxe7 13. O-O-O Nf6 14.
Nxf6 Kxf6 15. Bb5 Ne7 16. Rhe1 a6 17. Bc4 b5 18. Bf1 Bb7 19. Ne5 g6 20. Ng4+
Kf5 21. Re5+ 1-0

[Event "Offene Hessische Senioren Einzelmeisters"]
[Site "Bad Sooden- Allendorf"]
[Date "2011.05.02"]
[Round "3.59"]
[White "Viererbe, Hartmut"]
[Black "Perk, Egbert"]
[Result "0-1"]
[WhiteElo "1893"]
[BlackElo "1984"]
[PlyCount "84"]
[EventDate "2011.??.??"]

1. Nf3 Nf6 2. c4 d6 3. d4 Nbd7 4. Nc3 e5 5. e3 c6 6. Be2 Be7 7. O-O O-O 8. Qc2
Re8 9. Rd1 Qc7 10. b3 Nf8 11. Bb2 Ng6 12. Rd2 Bg4 13. h3 Bxf3 14. Bxf3 Rad8 15.
d5 a6 16. dxc6 bxc6 17. Rad1 Nh4 18. Be2 Qb6 19. g3 Ng6 20. Ba3 c5 21. Nd5 Nxd5
22. Rxd5 Qa5 23. Bb2 Qc7 24. h4 Nf8 25. f4 Nd7 26. R5d2 g6 27. h5 Nf8 28. Bf3
Kg7 29. hxg6 hxg6 30. g4 Ne6 31. Bd5 Bf8 32. Rh2 Kg8 33. Qg2 Bg7 34. Rf1 exf4
35. Bxg7 Kxg7 36. Qb2+ f6 37. exf4 Nd4 38. g5 Qe7 39. gxf6+ Qxf6 40. Kh1 Re3
41. Rhf2 Rh8+ 42. Rh2 Re2 0-1

[Event "Offene Hessische Senioren Einzelmeisters"]
[Site "Bad Sooden- Allendorf"]
[Date "2011.05.02"]
[Round "3.60"]
[White "Jobski, Werner"]
[Black "Geisler, Reinhard"]
[Result "0-1"]
[WhiteElo "1860"]
[BlackElo "1894"]
[PlyCount "48"]
[EventDate "2011.??.??"]

1. e4 c5 2. Nf3 Nc6 3. d4 cxd4 4. Nxd4 g6 5. Be3 Bg7 6. Be2 Nf6 7. Nc3 O-O 8.
Qd2 d5 9. exd5 Nxd5 10. Nxd5 Qxd5 11. Bf3 Qd7 12. O-O-O Ne5 13. Be2 Qa4 14. a3
Nc4 15. Bxc4 Qxc4 16. b3 Qc7 17. Bh6 Bxh6 18. Qxh6 e5 19. Nf3 Bf5 20. c4 b5 21.
Nd2 Qd6 22. Nb1 Qc6 23. Nd2 bxc4 24. Nxc4 Qe4 0-1

[Event "Offene Hessische Senioren Einzelmeisters"]
[Site "Bad Sooden- Allendorf"]
[Date "2011.05.02"]
[Round "3.61"]
[White "Neumann, Dr. Peter"]
[Black "Bendisch, Dr. Jürgen"]
[Result "0-1"]
[WhiteElo "1888"]
[BlackElo "1963"]
[PlyCount "72"]
[EventDate "2011.??.??"]

1. d4 d5 2. c4 c6 3. cxd5 cxd5 4. Nc3 Nf6 5. Bg5 e6 6. a3 Be7 7. Nf3 O-O 8. e3
a6 9. h3 Nc6 10. Bd3 h6 11. Bf4 Nh5 12. Bh2 g6 13. O-O Bd7 14. Rc1 Rc8 15. Bb1
Be8 16. Ne5 Nxe5 17. Bxe5 Bd6 18. Bxd6 Qxd6 19. Re1 Nf6 20. Qd2 Qd8 21. f3 Kg7
22. e4 dxe4 23. fxe4 Bc6 24. e5 Nd5 25. Nxd5 Bxd5 26. Rc3 Rxc3 27. bxc3 b5 28.
Re3 Qg5 29. Qf2 Rc8 30. g3 Qe7 31. Qb2 Kg8 32. Qb4 Qg5 33. Kf2 Qh5 34. g4 Qh4+
35. Kg1 Qg5 36. Rg3 Qc1+ 0-1

[Event "Offene Hessische Senioren Einzelmeisters"]
[Site "Bad Sooden- Allendorf"]
[Date "2011.05.02"]
[Round "3.62"]
[White "Dinius, Helmut"]
[Black "Fleischer, Martin"]
[Result "0-1"]
[WhiteElo "1774"]
[BlackElo "1879"]
[PlyCount "42"]
[EventDate "2011.??.??"]

1. e4 e6 2. Bc4 d5 3. exd5 exd5 4. Bb3 Nf6 5. d3 Bg4 6. Ne2 Bd6 7. O-O O-O 8.
f3 Bh5 9. Be3 Re8 10. Bf2 c6 11. c3 Nbd7 12. Ng3 Bg6 13. Bc2 Qc7 14. d4 Nh5 15.
Bxg6 Nxg3 16. Bxf7+ Kxf7 17. Bxg3 Bxg3 18. hxg3 Qxg3 19. Qd3 Nf6 20. Nd2 Kg8
21. Rf2 Ng4 0-1

[Event "Offene Hessische Senioren Einzelmeisters"]
[Site "Bad Sooden- Allendorf"]
[Date "2011.05.02"]
[Round "3.63"]
[White "Smits, Oswald"]
[Black "Bill, Eugen"]
[Result "1/2-1/2"]
[WhiteElo "1870"]
[BlackElo "1873"]
[PlyCount "76"]
[EventDate "2011.??.??"]

1. d4 Nf6 2. Nf3 d5 3. e3 Nbd7 4. Bd3 g6 5. Nbd2 Bg7 6. O-O O-O 7. b3 e5 8.
Nxe5 Nxe5 9. dxe5 Ng4 10. Nf3 Nxe5 11. Nxe5 Bxe5 12. Rb1 c5 13. Bb2 Bxb2 14.
Rxb2 b6 15. Qf3 Bb7 16. Qf4 Rc8 17. c3 Rc6 18. Rc2 Qd6 19. Qa4 Rc7 20. Qg4 c4
21. bxc4 dxc4 22. Bxc4 Qc6 23. Be2 Qf6 24. Qd4 Qg5 25. Qg4 Qf6 26. Rfc1 Rfc8
27. Qd4 Qxd4 28. exd4 Be4 29. Ba6 Bxc2 30. Bxc8 Bd3 31. Bg4 b5 32. a3 a5 33.
Bd1 b4 34. axb4 axb4 35. c4 Rxc4 36. Rxc4 Bxc4 37. Bc2 Ba2 38. Bd3 Kf8 1/2-1/2

[Event "Offene Hessische Senioren Einzelmeisters"]
[Site "Bad Sooden- Allendorf"]
[Date "2011.05.02"]
[Round "3.64"]
[White "Josting, Friedel"]
[Black "Just, Fred"]
[Result "0-1"]
[WhiteElo "2023"]
[BlackElo "2198"]
[PlyCount "96"]
[EventDate "2011.??.??"]

1. Nf3 d5 2. d4 Nf6 3. Bf4 c5 4. c3 Qb6 5. Qc1 Bf5 6. e3 e6 7. Be2 Nc6 8. O-O
Rc8 9. a3 Be7 10. h3 O-O 11. Nbd2 h6 12. Ne5 cxd4 13. Nxc6 bxc6 14. exd4 c5 15.
Nf3 Bd6 16. Bxd6 Qxd6 17. Rd1 Be4 18. Qd2 c4 19. g4 Bh7 20. g5 Ne4 21. Qe3 hxg5
22. Nxg5 Rb8 23. Nxh7 Kxh7 24. Rab1 f5 25. Kh1 Rf6 26. Rg1 Rh6 27. Bf1 g5 28.
f3 Ng3+ 29. Kg2 Kg6 30. Kf2 f4 31. Qe1 Kf6 32. Qd1 Rb3 33. Qe1 Rh8 34. Qd1 Rhb8
35. Qc2 Qb6 36. Rg2 Rxb2 37. Rxb2 Qxb2 38. Kg1 Qxc2 39. Rxc2 Rb1 40. Rf2 Nf5
41. Kh2 Ne3 42. Bg2 Rb3 43. a4 Rxc3 44. Rb2 Rb3 45. Rf2 c3 46. Bf1 Rb2 47. Rxb2
cxb2 48. Bd3 Nd1 0-1

[Event "Offene Hessische Senioren Einzelmeisters"]
[Site "Bad Sooden- Allendorf"]
[Date "2011.05.02"]
[Round "3.65"]
[White "Held, Helmut"]
[Black "Jung, Prof. Michael"]
[Result "1-0"]
[WhiteElo "1999"]
[BlackElo "1833"]
[PlyCount "97"]
[EventDate "2011.??.??"]

1. e4 Nf6 2. e5 Nd5 3. c4 Nb6 4. Nc3 d6 5. d4 dxe5 6. dxe5 Qxd1+ 7. Nxd1 Bf5 8.
Ne3 Bg6 9. Bd2 e6 10. Be2 Be7 11. f4 Nc6 12. Nf3 O-O-O 13. b3 Nd4 14. Bd1 Be4
15. Rf1 f5 16. Nxd4 Rxd4 17. Be2 Rhd8 18. Bc3 R4d7 19. Kf2 g5 20. fxg5 Bxg5 21.
g3 f4 22. Ng4 fxg3+ 23. hxg3 Rf7+ 24. Nf6 Rdf8 25. Kg1 Bxf6 26. exf6 Nd7 27.
Rf4 Bg6 28. Raf1 h5 29. g4 hxg4 30. Bxg4 Re8 31. Rd1 Nc5 32. Kf1 Ne4 33. Bb2
Ng3+ 34. Ke1 Nf5 35. Kf2 Rh8 36. Ke2 Bh5 37. Be5 Bxg4+ 38. Rxg4 b6 39. Rdg1 Kb7
40. Rg8 Rhh7 41. Re8 Nd6 42. Rxe6 Ne4 43. Rg7 Nc5 44. Re7 Rxe7 45. Rxe7 Rh5 46.
f7 Rf5 47. Bg7 Ne6 48. Rxe6 Rxf7 49. Be5 {weitere 29 Züge nicht rekonstruierbar
} 1-0

[Event "Offene Hessische Senioren Einzelmeisters"]
[Site "Bad Sooden- Allendorf"]
[Date "2011.05.02"]
[Round "3.66"]
[White "Preiß, Lore"]
[Black "Simon, Eberhard"]
[Result "1/2-1/2"]
[WhiteElo "1473"]
[BlackElo "1997"]
[PlyCount "45"]
[EventDate "2011.??.??"]

1. d4 Nf6 2. Nf3 d5 3. c4 c6 4. Nc3 Bg4 5. e3 Nbd7 6. Be2 dxc4 7. Bxc4 e6 8.
O-O Be7 9. Be2 O-O 10. Nd2 Bxe2 11. Qxe2 c5 12. dxc5 Nxc5 13. Nf3 Qb6 14. Rd1
Rad8 15. b3 Rxd1+ 16. Qxd1 Rd8 17. Qc2 Nd3 18. Bb2 Ng4 19. Nd1 Nxb2 20. Nxb2
Bf6 21. Nc4 Qb5 22. Rd1 Rxd1+ 23. Qxd1 1/2-1/2

[Event "Offene Hessische Senioren Einzelmeisters"]
[Site "Bad Sooden- Allendorf"]
[Date "2011.05.02"]
[Round "3.67"]
[White "Burckhardt, Karl"]
[Black "Knaak, Hans"]
[Result "1-0"]
[WhiteElo "1974"]
[BlackElo "1768"]
[PlyCount "65"]
[EventDate "2011.??.??"]

1. e4 c5 2. Bc4 e6 3. Nc3 d6 4. Nf3 Nf6 5. d4 cxd4 6. Nxd4 a6 7. Bb3 Be7 8. O-O
O-O 9. f4 Bd7 10. e5 dxe5 11. fxe5 Ne8 12. Qg4 Nc6 13. Nxc6 Bxc6 14. Bh6 Kh8
15. Be3 Nc7 16. Bb6 Qc8 17. Rad1 a5 18. Rd3 Ne8 19. Rh3 g6 20. Rd1 Ng7 21. Rhd3
Nf5 22. a4 h5 23. Qf4 Ra6 24. Qf2 Kg7 25. Nb5 Bxb5 26. axb5 Rxb6 27. Rc3 Bc5
28. Qxc5 Qxc5+ 29. Rxc5 Re8 30. c4 Ne7 31. Rc7 Nc6 32. Ba4 Na7 33. c5 1-0

[Event "Offene Hessische Senioren Einzelmeisters"]
[Site "Bad Sooden- Allendorf"]
[Date "2011.05.02"]
[Round "3.68"]
[White "Borkenhagen, Bernd"]
[Black "Gunnarson, Leif"]
[Result "0-1"]
[WhiteElo "1724"]
[BlackElo "1745"]
[PlyCount "70"]
[EventDate "2011.??.??"]

1. c4 Nf6 2. Nc3 e5 3. e4 g6 4. d3 Bg7 5. Nf3 d6 6. Be2 O-O 7. Bg5 Nc6 8. Nd5
Be6 9. Nxf6+ Bxf6 10. Bxf6 Qxf6 11. h3 a6 12. Qd2 Kg7 13. a3 h6 14. b4 Rh8 15.
O-O Qe7 16. Qb2 Qf6 17. Qd2 g5 18. Qd1 Qg6 19. Nh2 h5 20. f3 Nd4 21. Kh1 Qf6
22. Ra2 Rag8 23. Rb2 Qg6 24. Rg1 g4 25. fxg4 Nxe2 26. Qxe2 hxg4 27. Qe3 Kf8 28.
Qa7 gxh3 29. Qb8+ Ke7 30. Qxc7+ Bd7 31. c5 hxg2+ 32. Rgxg2 Rxh2+ 33. Kxh2 Qh6+
34. Kg1 Qc1+ 35. Kh2 Rh8+ 0-1

[Event "Offene Hessische Senioren Einzelmeisters"]
[Site "Bad Sooden- Allendorf"]
[Date "2011.05.02"]
[Round "3.69"]
[White "Schumacher, Ursula"]
[Black "Fleischer, Matthias"]
[Result "0-1"]
[WhiteElo "1667"]
[BlackElo "1892"]
[PlyCount "72"]
[EventDate "2011.??.??"]

1. c4 Nf6 2. Nc3 g6 3. Nf3 Bg7 4. d4 d6 5. g3 O-O 6. Bg2 c6 7. O-O Qc7 8. Re1
e5 9. e3 a6 10. Bd2 Bg4 11. Qb3 Bxf3 12. Bxf3 Nbd7 13. Qc2 Rac8 14. Rac1 Nb6
15. b3 Qe7 16. Qb1 Kh8 17. Bg2 Ng8 18. d5 c5 19. e4 Nh6 20. Bh3 Rb8 21. Ne2 f5
22. exf5 Nxf5 23. Bxf5 Rxf5 24. Qc2 Qd7 25. Qe4 Rbf8 26. Rf1 Qf7 27. Be3 Nd7
28. Rc2 Nf6 29. Qg2 Ng4 30. Rcc1 Nxe3 31. fxe3 Bh6 32. Nf4 exf4 33. exf4 g5 34.
fxg5 Bxg5 35. Qb2+ Kg8 36. Rce1 Rxf1+ 0-1

[Event "Offene Hessische Senioren Einzelmeisters"]
[Site "Bad Sooden- Allendorf"]
[Date "2011.05.02"]
[Round "3.70"]
[White "Geibel, Henning"]
[Black "Gebuhr, Günter"]
[Result "0-1"]
[WhiteElo "1536"]
[BlackElo "1951"]
[PlyCount "128"]
[EventDate "2011.??.??"]

1. e4 c5 2. Nf3 Nc6 3. Bc4 e6 4. O-O Be7 5. e5 d6 6. exd6 Qxd6 7. Nc3 Nf6 8. d3
a6 9. Bg5 b5 10. Bb3 Bb7 11. Bxf6 Bxf6 12. Ne4 Qe7 13. Nxf6+ Qxf6 14. c3 O-O
15. Qd2 Rfd8 16. a4 Ne7 17. Qe2 bxa4 18. Bxa4 Bxf3 19. Qxf3 Qxf3 20. gxf3 Rxd3
21. Kg2 Rd2 22. b4 cxb4 23. cxb4 Rb8 24. Rfb1 Nd5 25. b5 axb5 26. Bxb5 g6 27.
Bc6 Rxb1 28. Rxb1 Nf4+ 29. Kg3 Ne2+ 30. Kg2 Rd6 31. Rb8+ $11 Kg7 32. Be8 f5 33.
Rb2 Nf4+ 34. Kg3 g5 35. h4 h6 36. hxg5 hxg5 37. Rb7+ Kf8 38. Rb8 Ke7 39. Ba4
Rd4 40. Bc6 Rd1 41. Kh2 Rf1 42. Rb2 Nd3 43. Rb7+ Kf6 44. Bb5 Rxf2+ 45. Kg3 Rb2
46. Ba6 Rxb7 47. Bxb7 e5 48. Ba6 Nc5 49. Be2 e4 50. fxe4 Nxe4+ 51. Kf3 Ke5 52.
Bd3 g4+ 53. Kg2 Kd4 54. Ba6 f4 55. Bc8 f3+ 56. Kf1 g3 57. Bh3 Ke3 58. Bg2 fxg2+
59. Kxg2 Ke2 60. Kg1 Kf3 61. Kf1 g2+ 62. Kg1 Ng3 63. Kh2 Kf2 64. Kh3 g1=Q 0-1

[Event "Offene Hessische Senioren Einzelmeisters"]
[Site "Bad Sooden- Allendorf"]
[Date "2011.05.02"]
[Round "3.71"]
[White "Hoffmann, Erich"]
[Black "Zoll, Theo"]
[Result "1/2-1/2"]
[WhiteElo "1914"]
[BlackElo "1753"]
[PlyCount "48"]
[EventDate "2011.??.??"]

1. e4 c5 2. d4 cxd4 3. c3 dxc3 4. Nxc3 Nc6 5. Nf3 g6 6. Bc4 Bg7 7. O-O d6 8.
Bg5 Nf6 9. Re1 O-O 10. Rc1 Bd7 11. a3 Rc8 12. Ba2 a6 13. h3 Ne8 14. Qd2 Nc7 15.
Bh6 Be6 16. Bxg7 Kxg7 17. Bb1 Ne5 18. Nxe5 dxe5 19. Qe3 f6 20. Rcd1 Qe8 21. Qb6
Qc6 22. Qxc6 bxc6 23. Ne2 Rfd8 24. Bc2 Rd6 1/2-1/2

[Event "Offene Hessische Senioren Einzelmeisters"]
[Site "Bad Sooden- Allendorf"]
[Date "2011.05.02"]
[Round "3.72"]
[White "Fritsch, Wolfgang"]
[Black "Montsma, Foppe Jan"]
[Result "1/2-1/2"]
[WhiteElo "1847"]
[BlackElo "1997"]
[PlyCount "48"]
[EventDate "2011.??.??"]

1. e4 d6 2. d4 Nf6 3. Nc3 e5 4. dxe5 dxe5 5. Qxd8+ Kxd8 6. Nf3 Bd6 7. Bg5 Be6
8. O-O-O Nbd7 9. Nb5 Kc8 10. Nxd6+ cxd6 11. Bxf6 Nxf6 12. Ng5 Kd7 13. f3 Ke7
14. Nxe6 fxe6 15. Bc4 Rhc8 16. Bb3 Nd7 17. Rd2 Nc5 18. Rhd1 Rc6 19. c3 b5 20.
Kb1 a5 21. Bc2 b4 22. cxb4 axb4 23. Bd3 Nxd3 24. Rxd3 Rca6 1/2-1/2

[Event "Offene Hessische Senioren Einzelmeisters"]
[Site "Bad Sooden- Allendorf"]
[Date "2011.05.02"]
[Round "3.73"]
[White "Schneidereit, Manfred"]
[Black "Schneider, Miloca"]
[Result "1/2-1/2"]
[WhiteElo "1822"]
[BlackElo "1946"]
[PlyCount "48"]
[EventDate "2011.??.??"]

1. e4 d6 2. c3 Nf6 3. Nf3 e5 4. h3 Be7 5. Qc2 c6 6. d4 Nbd7 7. Bd3 O-O 8. O-O
a6 9. a4 b6 10. b3 Bb7 11. Ba3 Re8 12. Nbd2 d5 13. Bb2 Bd6 14. Rfe1 g6 15. Nh2
dxe4 16. Nxe4 Nxe4 17. Bxe4 f5 18. dxe5 Nxe5 19. Bf3 Qc7 20. c4 Nf7 21. Nf1 Bb4
22. Bc3 Bxc3 23. Qxc3 Ng5 24. Nh2 Red8 {weitere 38 Züge nicht rekonstruierbar}
1/2-1/2

[Event "Offene Hessische Senioren Einzelmeisters"]
[Site "Bad Sooden- Allendorf"]
[Date "2011.05.02"]
[Round "3.74"]
[White "van Houten, Henk"]
[Black "Mertens, Gottfried"]
[Result "1-0"]
[WhiteElo "1839"]
[BlackElo "1982"]
[PlyCount "122"]
[EventDate "2011.??.??"]

1. b3 e5 2. Bb2 Nc6 3. c4 Nf6 4. a3 a5 5. e3 Be7 6. d3 O-O 7. Nf3 d6 8. Nc3 Bg4
9. Be2 Re8 10. O-O Bf8 11. Qc2 g6 12. h3 Bd7 13. Rad1 Bg7 14. Nd2 Ne7 15. Bf3
c6 16. Nde4 Nxe4 17. dxe4 Qc7 18. Rd2 Be6 19. Rfd1 Red8 20. a4 Rac8 21. Ba3 Rd7
22. Rxd6 Rcd8 23. Rxd7 Rxd7 24. Rd3 Nc8 25. Qd2 Rxd3 26. Qxd3 Bf8 27. Nb1 Bxa3
28. Nxa3 Qe7 29. Nc2 b6 30. Be2 Qg5 31. Kh2 Qe7 32. Qc3 Qd6 33. Ne1 f6 34. Nd3
c5 35. f4 exf4 36. exf4 Qd4 37. Qxd4 cxd4 38. g4 Ne7 39. Kg3 Nc6 40. Bf3 Ne7
41. f5 Bd7 42. h4 Nc6 43. Kf4 Ne7 44. e5 gxf5 45. gxf5 fxe5+ 46. Kxe5 Nxf5 47.
Bg4 Nxh4 48. Bxd7 Nf3+ 49. Kd5 h5 50. Bf5 Kf7 51. Ne5+ Kf6 52. Nxf3 Kxf5 53.
Kxd4 Kf4 54. Nh4 Kg4 55. Ng6 Kg5 56. Ne5 Kf5 57. Nd3 h4 58. Ke3 h3 59. Nf2 h2
60. Nh1 Ke5 61. Nf2 Kd6 1-0

[Event "Offene Hessische Senioren Einzelmeisters"]
[Site "Bad Sooden- Allendorf"]
[Date "2011.05.02"]
[Round "3.75"]
[White "Schneider, Hans"]
[Black "Schmitthöfer, Herbert"]
[Result "0-1"]
[WhiteElo "1793"]
[BlackElo "1914"]
[PlyCount "64"]
[EventDate "2011.??.??"]

1. Nf3 Nf6 2. g3 g6 3. Bg2 Bg7 4. d3 O-O 5. O-O d6 6. Nbd2 e5 7. Re1 Nc6 8. c3
Bg4 9. Qc2 Qc8 10. Nf1 Nh5 11. Ne3 Bh3 12. Bxh3 Qxh3 13. Ng5 Qd7 14. Kg2 h6 15.
Nf3 f5 16. Qb3+ Kh7 17. Nf1 e4 18. Ng1 Rae8 19. Bd2 Na5 20. Qc2 d5 21. b4 Nc6
22. d4 f4 23. e3 fxg3 24. hxg3 Rf7 25. Re2 Ref8 26. Nh2 Nf6 27. Rf1 Ne7 28. Bc1
Ng4 29. Nxg4 Qxg4 30. Qd1 Nf5 31. Rfe1 Nh4+ 32. Kf1 Qxg3 0-1

[Event "Offene Hessische Senioren Einzelmeisters"]
[Site "Bad Sooden- Allendorf"]
[Date "2011.05.02"]
[Round "3.78"]
[White "Wilfert, Eva-Maria"]
[Black "Millen, Ernst"]
[Result "1/2-1/2"]
[WhiteElo "1743"]
[BlackElo "1953"]
[PlyCount "90"]
[EventDate "2011.??.??"]

1. e4 c5 2. Nf3 Nc6 3. Be2 g6 4. d4 cxd4 5. Nxd4 Bg7 6. c3 d6 7. O-O Nf6 8. Qc2
Bd7 9. Nd2 Rc8 10. Qd1 O-O 11. N4f3 Qc7 12. Bd3 Ng4 13. Bc2 Nge5 14. h3 Rfd8
15. Qe2 a6 16. a4 Nxf3+ 17. Nxf3 Qb6 18. Qe3 Qc7 19. Qd3 Nb4 20. Qe2 Nxc2 21.
Qxc2 b5 22. axb5 axb5 23. Be3 Ra8 24. Qb3 Qb7 25. Qc2 f5 26. Qb3+ Kh8 27. exf5
gxf5 28. Ng5 Be8 29. Nf7+ Bxf7 30. Qxf7 Rxa1 31. Rxa1 Bf6 32. Rd1 Rg8 33. Qd5
Qd7 34. Bd4 Rf8 35. Bxf6+ Rxf6 36. Qd4 Kg7 37. Re1 e5 38. Rxe5 Kg6 39. Qd5 Qc8
40. Re7 b4 41. Qb7 Qxb7 42. Rxb7 bxc3 43. bxc3 d5 44. Rd7 Rc6 45. Rxd5 Rxc3
1/2-1/2

[Event "Offene Hessische Senioren Einzelmeisters"]
[Site "Bad Sooden- Allendorf"]
[Date "2011.05.02"]
[Round "3.79"]
[White "Micheel, Peter"]
[Black "Bangert, Rüdiger"]
[Result "1-0"]
[WhiteElo "1989"]
[BlackElo "1684"]
[PlyCount "71"]
[EventDate "2011.??.??"]

1. e4 Nc6 2. Nf3 d6 3. d4 Bg4 4. Be2 g6 5. h3 Bxf3 6. Bxf3 Bg7 7. Be3 e5 8. c3
Nf6 9. d5 Ne7 10. O-O O-O 11. Qd2 c6 12. c4 Kh8 13. Nc3 Neg8 14. dxc6 bxc6 15.
Rad1 Ne8 16. c5 f5 17. cxd6 f4 18. Bc5 Qd7 19. Bg4 Qb7 20. d7 Nd6 21. Bxd6 Rfd8
22. Ba3 Nf6 23. Be7 Nxg4 24. hxg4 h5 25. gxh5 gxh5 26. Na4 Kh7 27. Nc5 Qb6 28.
Ne6 Rg8 29. d8=Q Raxd8 30. Bxd8 Qb7 31. Qd7 Qb4 32. Bf6 Kg6 33. Bxg7 Qxe4 34.
Nf8+ Kg5 35. Qe7+ Kf5 36. Qf6+ 1-0

[Event "Offene Hessische Senioren Einzelmeisters"]
[Site "Bad Sooden- Allendorf"]
[Date "2011.05.02"]
[Round "3.80"]
[White "Willms, Willi"]
[Black "Maczollek, Helmut"]
[Result "1/2-1/2"]
[WhiteElo "1939"]
[BlackElo "1685"]
[PlyCount "54"]
[EventDate "2011.??.??"]

1. e4 d6 2. d4 Nf6 3. Nc3 c6 4. Bd3 e5 5. Nge2 Be7 6. h3 b5 7. a3 O-O 8. O-O
Nbd7 9. Kh1 Bb7 10. f4 exd4 11. Nxd4 Nc5 12. Be3 Nxd3 13. cxd3 a6 14. Qe2 Rc8
15. Nf5 g6 16. Nh6+ Kg7 17. f5 Ng8 18. Ng4 c5 19. Qd2 Bf6 20. Bh6+ Nxh6 21.
Qxh6+ Kh8 22. fxg6 fxg6 23. Nxf6 Rxf6 24. Qd2 Qe7 25. Ne2 Rcf8 26. Kg1 Qe5 27.
Rxf6 Rxf6 1/2-1/2

[Event "Offene Hessische Senioren Einzelmeisters"]
[Site "Bad Sooden- Allendorf"]
[Date "2011.05.02"]
[Round "3.81"]
[White "Knobling, Rolf"]
[Black "Alvarez, Luis"]
[Result "0-1"]
[WhiteElo "1636"]
[BlackElo "1869"]
[PlyCount "72"]
[EventDate "2011.??.??"]

1. e4 d5 2. exd5 Qxd5 3. Nc3 Qa5 4. d4 Nf6 5. Bd2 c6 6. Nf3 Bf5 7. Ne4 Qc7 8.
Nxf6+ exf6 9. c3 Bd6 10. Be2 O-O 11. O-O Nd7 12. Be3 Rfe8 13. Bd3 Bg4 14. h3
Be6 15. Qc2 Nf8 16. Nd2 Bf4 17. Rfe1 Rad8 18. Nb3 b6 19. a4 Bd7 20. Qd2 Bh2+
21. Kf1 Bd6 22. c4 Be6 23. a5 b5 24. Rac1 Qb7 25. Qc2 Rc8 26. c5 Bb8 27. Ra1 a6
28. Nd2 Qc7 29. f4 Rcd8 30. Ne4 Qd7 31. Nf2 f5 32. b4 Ng6 33. Qd2 Ne7 34. Bc2
Nd5 35. Rad1 Nxe3+ 36. Qxe3 Bc4+ 0-1

[Event "Offene Hessische Senioren Einzelmeisters"]
[Site "Bad Sooden- Allendorf"]
[Date "2011.05.02"]
[Round "3.82"]
[White "Draxler, Gottfried"]
[Black "Hespers, Rolf"]
[Result "1-0"]
[WhiteElo "1813"]
[BlackElo "1784"]
[PlyCount "138"]
[EventDate "2011.??.??"]

1. d4 Nf6 2. c4 e6 3. Nc3 Bb4 4. Qc2 b6 5. e4 Bxc3+ 6. bxc3 d6 7. Bd3 h6 8. Nf3
Bb7 9. O-O O-O 10. h3 Nbd7 11. Be3 e5 12. Rab1 Qe7 13. Nd2 Rfe8 14. f3 c5 15.
d5 Reb8 $11 16. Kh2 Nh5 17. g3 g5 18. Qd1 Ng7 19. Rg1 Kh7 20. Qe2 Rg8 21. f4 f6
22. Rbf1 Raf8 23. fxg5 fxg5 24. Rxf8 Nxf8 25. Rf1 Ng6 26. Rf2 Bc8 27. Qf1 Rf8
$11 28. Be2 Rxf2+ 29. Qxf2 Qf8 30. Qe1 Qf6 31. Qd1 Bd7 32. Bg4 Qf7 33. Kg2 Be8
34. Qf3 Nf8 35. Qxf7 Bxf7 36. Bc8 Be8 37. Kf3 Bh5+ 38. Bg4 Be8 39. h4 gxh4 40.
gxh4 Bh5 41. Bf2 Bxg4+ 42. Kxg4 Kg6 43. Be3 Nh7 44. Nf1 Nf6+ 45. Kf3 Kh5 46.
Ng3+ Kg6 47. Bd2 Ng8 48. Be3 Nf6 49. Bc1 Ng8 50. Kg2 Nf6 51. Kh3 Ng8 52. h5+
Nxh5 53. Nf5 Nhf6 54. Nxd6 Ne7 55. Kh4 Nfg8 56. Be3 Nf6 57. Bf2 Nh5 58. Be3 Nf6
59. Bd2 Nh5 60. Nf5 Ng8 61. Nd6 Nhf6 62. Be3 Nh5 63. Kg4 Nhf6+ 64. Kf3 Kh5 65.
Bf2 Ne7 66. Nf7 Nd7 67. a3 a6 68. a4 a5 69. d6 Ng6 {
weitere 27 Züge nicht rekonstruierbar} 1-0

[Event "Offene Hessische Senioren Einzelmeisters"]
[Site "Bad Sooden- Allendorf"]
[Date "2011.05.02"]
[Round "3.83"]
[White "Tomas, Johann"]
[Black "Wolff, Heinz"]
[Result "1-0"]
[WhiteElo "1914"]
[BlackElo "1613"]
[PlyCount "111"]
[EventDate "2011.??.??"]

1. d4 d5 2. Nc3 Nf6 3. Bg5 e6 4. Nf3 Be7 5. e3 c6 6. Bd3 O-O 7. a3 h6 8. Bh4
Nbd7 9. Ne2 b6 10. c3 Bb7 11. Qc2 c5 12. Qb1 Ne4 13. Bxe7 Qxe7 14. O-O Rac8 15.
Bxe4 dxe4 16. Nd2 f5 17. Nf4 cxd4 18. Ng6 Qf7 19. Nxf8 Rxf8 20. cxd4 Qg6 21. g3
e5 22. Qa2+ Kh8 23. Qc4 Rc8 24. Qa4 Bc6 25. Qa6 Rc7 26. dxe5 Nxe5 27. Rfc1 Qd6
28. Rd1 Nd3 29. Nb3 Qe5 30. Nd4 Be8 31. b4 Bh5 32. Rxd3 exd3 33. Qxd3 Bg6 34.
Rd1 Rd7 35. Rc1 Kh7 36. Rc8 Qd5 37. Qc4 Qxc4 38. Rxc4 Bf7 39. Rc8 g6 40. h4 h5
41. Kh2 Bd5 42. Kg1 Bb7 43. Rc3 Bd5 44. Kf1 Kg7 45. Ke2 Kf6 46. b5 Re7 47. f4
Rd7 48. Nf3 Bxf3+ 49. Kxf3 Kf7 50. e4 fxe4+ 51. Kxe4 Re7+ 52. Kd5 Rd7+ 53. Kc6
Re7 54. Kd6 Re6+ 55. Kc7 Kf6 56. Rc6 1-0

[Event "Offene Hessische Senioren Einzelmeisters"]
[Site "Bad Sooden- Allendorf"]
[Date "2011.05.02"]
[Round "3.84"]
[White "Ninic, Milutin"]
[Black "Ludwig, Siegfried"]
[Result "1-0"]
[WhiteElo "1890"]
[BlackElo "1630"]
[PlyCount "32"]
[EventDate "2011.??.??"]

1. e4 e5 2. f4 exf4 3. Nf3 d6 4. d4 Nf6 5. Nc3 Bg4 6. Bc4 h6 7. Bxf4 Be7 8. O-O
O-O 9. Qd2 c6 10. Bd3 Qb6 11. Kh1 Bxf3 12. Rxf3 Qxd4 13. Bxh6 gxh6 14. Rg3+ Kh8
15. Qxh6+ Nh7 16. e5 Qxe5 1-0

[Event "Offene Hessische Senioren Einzelmeisters"]
[Site "Bad Sooden- Allendorf"]
[Date "2011.05.02"]
[Round "3.85"]
[White "Droese, Dr. Manfred"]
[Black "Fritsche, Rainer"]
[Result "1/2-1/2"]
[WhiteElo "1844"]
[BlackElo "1657"]
[PlyCount "52"]
[EventDate "2011.??.??"]

1. Nf3 Nf6 2. d4 e6 3. e3 d5 4. Bd3 Be7 5. O-O O-O 6. b3 c5 7. Bb2 Nc6 8. Nbd2
Nb4 9. Be2 Nc6 10. a3 a6 11. Bd3 h6 12. Ne5 Qc7 13. f4 cxd4 14. exd4 b5 15. Rf3
Bb7 16. Rh3 Rad8 17. Qe2 Qb6 18. Ndf3 Rfe8 19. Rd1 Bd6 20. Kh1 Ne7 21. Nh4 Bc8
22. Bc1 Kh8 23. g4 Ne4 24. Bxe4 Bxe5 25. fxe5 dxe4 26. Be3 Nd5 1/2-1/2